Versos pasados de moda / (Record no. 39274)

MARC details
000 -LEADER
campo de control de longitud fija 00718nam a2200193 i 4500
001 - NÚMERO DE CONTROL
campo de control 39274
003 - IDENTIFICADOR DE NÚMERO DE CONTROL
campo de control ES-MaACL
005 - FECHA Y HORA DE LA ÚLTIMA TRANSACCIÓN
campo de control 20230906155929.0
007 - CAMPO FIJO DE DESCRIPCIÓN FÍSICA--INFORMACIÓN GENERAL
campo de control de longitud fija t|
008 - DATOS DE LONGITUD FIJA--INFORMACIÓN GENERAL
campo de control de longitud fija 030227s1915 sp ||||1| spa d
100 1# - ENTRADA PRINCIPAL--NOMBRE DE PERSONA
Nombre de persona Camúñez, Servando (
Fechas asociadas al nombre n. 1853)
9 (RLIN) 146514
245 10 - MENCIÓN DEL TÍTULO
Título Versos pasados de moda /
Mención de responsabilidad, etc. por Servando Camúñez y Echeverría con un prólogo de "Judge" (seud.) y un epílogo titulado "Impresiones de una lectura" de Natalio Rivas.
260 ## - PUBLICACIÓN, DISTRIBUCIÓN, ETC.
Lugar de publicación, distribución, etc. San Fernando (Cádiz) :
Nombre del editor, distribuidor, etc. José García Gutiérrez,
Fecha de publicación, distribución, etc. 1915.
300 ## - DESCRIPCIÓN FÍSICA
Extensión XI, 283 p., 1 lám. ;
Dimensiones 20 cm.
700 1# - ENTRADA AGREGADA--NOMBRE PERSONAL
Nombre de persona Rivas Santiago, Natalio,
Fechas asociadas al nombre 1865-1958
9 (RLIN) 97593
852 ## - LOCALIZACIÓN
Ubicación ES-MaACL
Número de control de estantería F-11634
852 ## - LOCALIZACIÓN
Ubicación ES-MaACL
Número de control de estantería G-1043
Holdings
Estatus retirado Estado de pérdida Estado de daño No para préstamo Biblioteca de origen Biblioteca actual Ubicación en estantería Fecha de adquisición Fuente de adquisición Total de préstamos Signatura topográfica completa Código de barras Visto por última vez Precio de reemplazo Tipo de ítem Koha
        Biblioteca del Ateneo de Madrid Biblioteca del Ateneo de Madrid Depósito 2 17/01/2008     G-1043 1041355 23/02/2023 23/02/2023 Libro impreso
        Biblioteca del Ateneo de Madrid Biblioteca del Ateneo de Madrid Sala Pecera Planta 2 17/01/2008     F-11634 1041354 23/02/2023 23/02/2023 Libro impreso